Directory of Brunei Darussalam exporters/importers lists.

Bibliographic Details
Corporate Author: Brunei Darussalam Ministry of Industry and Primary Resources
Format: Book
Published: [S.l]: Ministry of Industry and Primary Resources, 2008.
Subjects:
LEADER 00676cam a2200169 7i4500
001 0000022615
005 20090422090000.0
090 0 0 |a BRUN 382.6025   |b BRU 
110 2 0 |a Brunei Darussalam Ministry of Industry and Primary Resources 
245 2 0 |a Directory of Brunei Darussalam exporters/importers lists. 
260 0 0 |a [S.l]:   |b Ministry of Industry and Primary Resources,   |c 2008. 
300 # # |a [v.p]. 
650 0 0 |a Brunei Darussalam  
650 0 0 |a Exports --   |x Directories --   |z Brunei Darussalam  
650 0 0 |a Imports --   |x Directories --   |z Brunei Darussalam  
650 0 0 |a Services --   |x Directories --   |z Brunei Darussalam  
999 |a 0000022777  |b Directories  |c Countries  |e Business Information Centre